[Event "IND-chT 40th"]
[Site "Ahmedabad"]
[Date "2020.02.09"]
[Round "4.3"]
[White "Shyam, Nikil P"]
[Black "Das, Susobhit"]
[Result "1-0"]
[WhiteElo "2460"]
[BlackElo "1846"]
[PlyCount "43"]
[EventDate "2020.02.07"]
[EventType "team-swiss"]
[EventRounds "9"]
[EventCountry "IND"]
[SourceTitle "CBM 194 Extra"]
[Source "ChessBase"]
[SourceDate "2020.03.31"]
[SourceVersion "1"]
[SourceVersionDate "2020.03.31"]
[SourceQuality "1"]
[WhiteTeam "Railways SPB"]
[BlackTeam "Odisha II"]
[WhiteTeamCountry "IND"]
[BlackTeamCountry "IND"]

1. Nf3 d5 2. g3 Nf6 3. Bg2 e6 4. 0-0 c5 5. d4 Nc6 6. c4 Be7 7. Nc3 0-0 8. cxd5 Nxd5 9. e4 Nxc3 10. bxc3 b6 11. Bf4 Na5 12. Re1 Bb7 13. h4 cxd4 14. cxd4 Rc8 15. Qd3 h6 16. Rac1 Rxc1 17. Rxc1 Qa8 18. d5 Rd8 19. Bc7 Rf8 20. Ne5 f5 21. Ng6 Rf7 22. dxe6 1-0

[Event "Gujarat op 1st"]
[Site "Ahmedabad"]
[Date "2018.10.05"]
[Round "1"]
[White "Audi, Ameya"]
[Black "Das, Susobhit"]
[Result "1-0"]
[WhiteElo "2375"]
[BlackElo "1910"]
[PlyCount "61"]
[EventDate "2018.10.05"]
[EventType "swiss"]
[EventRounds "10"]
[EventCountry "IND"]
[SourceTitle "CBM 186 Extra"]
[Source "ChessBase"]
[SourceDate "2018.08.24"]
[SourceVersion "1"]
[SourceVersionDate "2018.08.24"]
[SourceQuality "1"]

1. e4 c6 2. Nf3 d5 3. exd5 cxd5 4. Ne5 Nf6 5. d4 g6 6. Bb5+ Nbd7 7. 0-0 Bg7 8. Re1 0-0 9. Nf3 a6 10. Bd3 Nb8 11. h3 Nc6 12. c3 Bf5 13. Bxf5 gxf5 14. Nbd2 Ne4 15. g4 Qd7 16. Nh4 fxg4 17. Nxe4 dxe4 18. hxg4 e5 19. d5 Rad8 20. Bg5 f6 21. dxc6 Qe6 22. Bd2 Bh6 23. Qb3 Qxb3 24. axb3 Rxd2 25. Nf5 Bf4 26. cxb7 Rxb2 27. Rxe4 Rxb3 28. Rb4 Rxb4 29. cxb4 Rb8 30. Rxa6 e4 31. Ra8 1-0

[Event "Kendrapara Umar Ali Memorial"]
[Site "Kendrapara"]
[Date "2017.12.27"]
[Round "8"]
[White "Das, Susobhit"]
[Black "Mishra, Soumyaranjan"]
[Result "1-0"]
[WhiteElo "1856"]
[BlackElo "2197"]
[PlyCount "97"]
[EventDate "2017.12.25"]
[EventType "swiss"]
[EventRounds "9"]
[EventCountry "IND"]
[SourceTitle "EXT 2019"]
[Source "ChessBase"]
[SourceDate "2018.10.10"]
[SourceVersion "1"]
[SourceVersionDate "2018.10.10"]
[SourceQuality "1"]

1. d4 Nf6 2. c4 e6 3. Nf3 Bb4+ 4. Bd2 Qe7 5. Nc3 Nc6 6. g3 d6 7. Bg2 0-0 8. 0-0 Bxc3 9. Bxc3 e5 10. Qc2 Bg4 11. dxe5 dxe5 12. Rad1 Nd7 13. b4 e4 14. Nh4 f5 15. f3 g5 16. fxg4 gxh4 17. Rxf5 hxg3 18. hxg3 Rxf5 19. gxf5 Re8 20. Qd2 Nf6 21. Qg5+ Kf7 22. Bxe4 Ne5 23. Bd5+ Nxd5 24. Qh5+ Kf8 25. Rxd5 Nf7 26. Kf1 Qe3 27. Rd3 Qc1+ 28. Kf2 Re7 29. Qxh7 Qg5 30. Qg6 Qxg6 31. fxg6 Nd6 32. Kf3 Re6 33. c5 Nf5 34. e4 Nh6 35. g7+ Ke7 36. Rd5 Ra6 37. Rh5 Ng8 38. Kf4 Rxa2 39. Re5+ Kd7 40. g4 Rc2 41. Rd5+ Ke7 42. Rd3 b6 43. cxb6 cxb6 44. g5 Rf2+ 45. Kg4 a6 46. Kh5 Re2 47. Kg6 Rxe4 48. Kh7 Kf7 49. Rf3+ 1-0

[Event "IND-ch U19"]
[Site "Kankarbagh"]
[Date "2017.09.06"]
[Round "6"]
[White "Das, Susobhit"]
[Black "Jeet, Jain"]
[Result "1-0"]
[WhiteElo "1824"]
[BlackElo "2334"]
[PlyCount "79"]
[EventDate "2017.09.03"]
[EventType "swiss"]
[EventRounds "11"]
[EventCountry "IND"]
[SourceTitle "CBM 180 Extra"]
[Source "ChessBase"]
[SourceDate "2017.10.06"]
[SourceVersion "1"]
[SourceVersionDate "2017.10.06"]
[SourceQuality "1"]

1. d4 d5 2. c4 e6 3. Nc3 Be7 4. cxd5 exd5 5. Bf4 Nf6 6. e3 Bf5 7. Nge2 0-0 8. Rc1 a6 9. Ng3 Be6 10. Bd3 c5 11. dxc5 Bxc5 12. 0-0 Nc6 13. Na4 Ba7 14. Bxa6 bxa6 15. Rxc6 Qa5 16. Rc1 Bg4 17. f3 Bd7 18. Nc3 Qb4 19. Kh1 Qxb2 20. Nxd5 Nxd5 21. Qxd5 Be6 22. Qg5 f6 23. Qh4 g6 24. Qh6 Bxa2 25. Rc7 Rf7 26. Rc6 Qb7 27. Rfc1 Bd5 28. R6c3 Bb6 29. e4 Be6 30. e5 Bd4 31. Rc6 Bd5 32. e6 Bxc6 33. exf7+ Kxf7 34. Qxh7+ Ke6 35. Re1+ Kd5 36. Qxg6 Kc5 37. Qd3 Rd8 38. Nf5 Qb4 39. Rc1+ Kb6 40. Rb1 1-0

[Event "IND-ch U19"]
[Site "Kankarbagh"]
[Date "2017.09.05"]
[Round "4"]
[White "Das, Susobhit"]
[Black "Sammed Jaykumar, Shete"]
[Result "0-1"]
[WhiteElo "1824"]
[BlackElo "2320"]
[PlyCount "92"]
[EventDate "2017.09.03"]
[EventType "swiss"]
[EventRounds "11"]
[EventCountry "IND"]
[SourceTitle "CBM 180 Extra"]
[Source "ChessBase"]
[SourceDate "2017.10.06"]
[SourceVersion "1"]
[SourceVersionDate "2017.10.06"]
[SourceQuality "1"]

1. d4 Nf6 2. c4 g6 3. Nc3 d5 4. cxd5 Nxd5 5. e4 Nxc3 6. bxc3 Bg7 7. Qa4+ Qd7 8. Qb3 0-0 9. Be3 c5 10. d5 b6 11. Nf3 e6 12. Bc4 exd5 13. Bxd5 Bb7 14. 0-0 Nc6 15. Rfd1 Na5 16. Qa3 Bxd5 17. Rxd5 Qb5 18. Bd4 Nc4 19. Qc1 f6 20. Be3 Rfe8 21. Bh6 Rxe4 22. Bxg7 Kxg7 23. Qc2 Rae8 24. Rad1 R8e7 25. h4 Qb2 26. Qd3 Qe2 27. Qb1 Ne5 28. Nxe5 R4xe5 29. R5d2 Qc4 30. g3 Qxc3 31. Qb5 Qf3 32. Rd7 Kh6 33. Rf1 c4 34. Qa4 b5 35. Qxa7 Qe4 36. Rxe7 Rxe7 37. Qa6 Qe5 38. a4 bxa4 39. Qxa4 c3 40. Rc1 Qc5 41. Qf4+ Kg7 42. Rc2 Re1+ 43. Kg2 Qd4 44. f3 Qc5 45. Kh3 Rh1+ 46. Rh2 Qf5+ 0-1

[Event "IND-ch U19"]
[Site "Kankarbagh"]
[Date "2017.09.04"]
[Round "2"]
[White "Das, Susobhit"]
[Black "Saurabh, Anand"]
[Result "0-1"]
[WhiteElo "1824"]
[BlackElo "2331"]
[PlyCount "86"]
[EventDate "2017.09.03"]
[EventType "swiss"]
[EventRounds "11"]
[EventCountry "IND"]
[SourceTitle "CBM 180 Extra"]
[Source "ChessBase"]
[SourceDate "2017.10.06"]
[SourceVersion "1"]
[SourceVersionDate "2017.10.06"]
[SourceQuality "1"]

1. d4 Nf6 2. c4 e6 3. Nf3 Bb4+ 4. Bd2 a5 5. g3 d6 6. Bg2 Nbd7 7. 0-0 e5 8. Nc3 exd4 9. Nxd4 0-0 10. Qc2 c6 11. Rad1 Nb6 12. Na4 Re8 13. Bg5 Nxa4 14. Qxa4 h6 15. Bf4 Bd7 16. Qc2 Qe7 17. a3 Bc5 18. Qd3 Rad8 19. Rfe1 Bc8 20. Bd2 Bb6 21. e4 Qf8 22. h3 d5 23. exd5 cxd5 24. Rxe8 Qxe8 25. Be3 dxc4 26. Qxc4 Be6 27. Qf1 Bd5 28. Nf5 Bxg2 29. Rxd8 Qxd8 30. Qxg2 Bxe3 31. Nxe3 Qb6 32. Nc4 Qc5 33. b3 b5 34. Qa8+ Kh7 35. Qxa5 Ne4 36. Ne3 Nxg3 37. fxg3 Qxe3+ 38. Kg2 Qxb3 39. Qa7 Qa2+ 40. Kf3 b4 41. a4 Qd5+ 42. Kf2 b3 43. Qb6 Qd2+ 0-1

[Event "Raisoni Memorial op U15"]
[Site "Nagpur"]
[Date "2012.09.24"]
[Round "10"]
[White "Das, Susobhit"]
[Black "Dixit, Nikhil"]
[Result "0-1"]
[WhiteElo "1699"]
[BlackElo "1898"]
[PlyCount "76"]
[EventDate "2012.09.17"]
[EventType "swiss"]
[EventRounds "11"]
[EventCountry "IND"]
[SourceTitle "CBM 150 Extra"]
[Source "ChessBase"]
[SourceDate "2012.10.19"]
[SourceVersion "1"]
[SourceVersionDate "2012.10.19"]
[SourceQuality "1"]

1. d4 Nf6 2. Nf3 g6 3. c4 Bg7 4. Nc3 0-0 5. e4 d6 6. Be2 e5 7. 0-0 Nc6 8. d5 Ne7 9. b4 Ne8 10. c5 f5 11. Ng5 h6 12. Ne6 Bxe6 13. dxe6 fxe4 14. Nxe4 d5 15. Nd2 Nf5 16. Bb2 Qe7 17. Rc1 Qxe6 18. Qb3 e4 19. Bxg7 Nexg7 20. Nxe4 Nd4 21. Qb2 Nxe2+ 22. Qxe2 dxe4 23. Qb5 Rab8 24. a4 c6 25. Qe2 a6 26. b5 axb5 27. axb5 cxb5 28. Qxb5 Qc6 29. Qb3+ Kh7 30. Rfd1 Rbd8 31. Re1 Rd2 32. Qe3 Qd5 33. Qxe4 Qxe4 34. Rxe4 Rfxf2 35. Rb1 Rxg2+ 36. Kh1 Rxh2+ 37. Kg1 Rdg2+ 38. Kf1 Rb2 0-1